00772nam a2200217 a 450000100100000000500170001000800410002702000180006804000130008608200160009910000250011524500580014026000420019830000280024049000290026850000210029750400730031883000350039195201130042699900150053900000177220200929145708.0090629s2000 sp a 001 0 spa d a9788474327830 aDO-SdBNP axxxxbB928t1 aBueno, Gustavo9576410aTelevisión :bapariencia y verdad /cGustavo Bueno. aBarcelona, España :bGedisa,c2000. a333 p. :bil. ;c20 cm.0 aEstudios de televisión aIncluye índice aIncluye referencias bibliográficas y notas al pie de las páginas 0aEstudios de televisión95765 001050718MOaGRbGRcCTd2009-06-29iLF1l0oxxxx B928tp1772-30r2020-06-25w2020-06-25y1ZNo se presta c1649d1649